Geografía : argentina en la globalización /
Guardado en:
| Autor Principal: | |
|---|---|
| Otros Autores: | , , , , , , |
| Formato: | Libro |
| Publicado: |
Buenos Aires :
Santillana,
2011
|
| Series: | Saber es clave
|
| Materias: | |
| Etiquetas: |
Agregar Etiqueta
Sin Etiquetas, Sea el primero en etiquetar este registro!
|
| LEADER | 01877nam a22003255a 4500 | ||
|---|---|---|---|
| 001 | CEM.cems017466 | ||
| 005 | 20120928170850.0 | ||
| 008 | 130507s2011##################000#0#####d | ||
| 003 | CEMS | ||
| 020 | |a 9789504622741 | ||
| 082 | 0 | 4 | |a 330.982 |
| 100 | 1 | |a Arzeno, Mariana B. | |
| 245 | 1 | 0 | |a Geografía : |b argentina en la globalización / |c Mariana B. Arzeno ... [et Al.] |
| 260 | |a Buenos Aires : |b Santillana, |c 2011 | ||
| 300 | |a 256 p. | ||
| 490 | 0 | |a Saber es clave | |
| 500 | |a Para 5to. Educación Secundaria | ||
| 505 | 0 | |a Procesos productivos, economías regionales y asimetrías territoriales -- La Argentina en el contexto mundial -- Política, economía y sociedad en el territorio argentino -- El agro argentino, procesos, sujetos y problemáticas -- Circuitos agroindustriales -- La encrucijada el petróleo -- Etapas industriales -- Los recursos naturales y los bienes de la Tierra y su relación con los problemas ambientales -- Recursos naturales, ambiente y desarrollo sustentable -- La destrucción de bosques nativos -- Agua, entre la abundancia y la escasez -- Minería sustentable -- Condiciones de vida y vulnerabilidad en la globalización -- Desiguales condiciones de vida -- Sistema urbano y experiencias de vida en ciudades argentinas -- La Argentina urbana -- Las ciudades argentinas -- La organización espacial de las ciudades argentinas -- Infraestructuras que conectan ciudades | |
| 653 | |a Geografía | ||
| 653 | |a Geografía argentina | ||
| 653 | |a Globalización | ||
| 700 | 1 | |a Ataide, Soraya | |
| 700 | 1 | |a Bertoncello, Rodolfo | |
| 700 | 1 | |a Casaubón, Hernán | |
| 700 | 1 | |a García, Patricia A. | |
| 700 | 1 | |a Minvielle, Sandra E. | |
| 700 | 1 | |a Salleras, Andrea B. | |
| 700 | 1 | |a Soto, Mercedes | |
| 859 | |a CEMS |b BIB. CEMS - Agricultura |h 330.982 |i Ar99 |p A1244.11 |t Ej.1 | ||
| 859 | |a CEMS |b BIB. CEMS - Agricultura |h 330.982 |i Ar99 |p A1245.11 |t Ej.2 | ||
